Normal view
MARC view
- الأدب العربي - روايات - الأردن - دراسات
Entry Topical Term
001 - CONTROL NUMBER
- control field: 50075
003 - CONTROL NUMBER IDENTIFIER
- control field: JO-AjAnu
005 - DATE AND TIME OF LATEST TRANSACTION
- control field: 20230606082240.0
008 - FIXED-LENGTH DATA ELEMENTS
- fixed length control field: 230606|| aca||aabn | a|a d
040 ## - CATALOGING SOURCE
- Original cataloging agency: JO-AjAnu
- Transcribing agency: JO-AjAnu
150 ## - HEADING--TOPICAL TERM
- Topical term or geographic name entry element: الأدب العربي - روايات - الأردن - دراسات
670 ## - SOURCE DATA FOUND
- Source citation: Work cat.: (JO-AjAnu)25602: تأليف البطاينة، جودي فارس, author 50074, شخصية الآخر في الرواية في الأردن